COACHING WITH RESEARCH IN MIND (Record no. 8459)

MARC details
000 -LEADER
fixed length control field 00327nam a2200133Ia 4500
008 - FIXED-LENGTH DATA ELEMENTS--GENERAL INFORMATION
fixed length control field 260604s9999 xx 000 0 und d
020 ## - INTERNATIONAL STANDARD BOOK NUMBER
International Standard Book Number 9781138363199
082 ## - DEWEY DECIMAL CLASSIFICATION NUMBER
Classification number 001.4 JON
100 ## - MAIN ENTRY--PERSONAL NAME
Personal name JONES [REBECCA J.]
9 (RLIN) 35635
245 #0 - TITLE STATEMENT
Title COACHING WITH RESEARCH IN MIND
260 ## - PUBLICATION, DISTRIBUTION, ETC.
Name of publisher, distributor, etc. ROUTLEDGE
500 ## - GENERAL NOTE
General note Research, Mind
942 ## - ADDED ENTRY ELEMENTS (KOHA)
Koha item type Book
Holdings
Date last seen Total Checkouts Full call number Barcode Cost, replacement price Price effective from Koha item type Lost status Damaged status Not for loan Withdrawn status Home library Current library Shelving location Date acquired Cost, normal purchase price BOOK NO
06/04/2026   001.4 JON 004077 3271.75 06/04/2026 Book         Indian Institute of Management Visakhapatnam Indian Institute of Management Visakhapatnam   06/04/2026 3271.75 JON

Copyright © 2024 Indian Institute of Management Visakhapatnam
Koha v23.05